Célèbres dirigeants politiques français (A-Z) - Statistiques

Statistiques générales
  • Ce quiz a été pris 918 fois
  • Le résultat moyen est 14 sur 19
Statistiques - réponses
Lettre Fonction Dirigeant % Correct
B Premier Consul (1799-1804) puis Empereur (1804-1815) Napoléon Bonaparte
98%
D Chef de la Résistance / 1er Président de la Ve République (1959-1969) Charles de Gaulle
97%
M Président de la République à la longévité la plus longue (1981-1995) François Mitterrand
96%
G Président de la République (1974-1981) Valéry Giscard d'Estaing
94%
P Premier ministre (1962-1968) puis Président de la République (1969-1974) Georges Pompidou
92%
L Roi de France (1643-1715) Louis XIV
92%
S Président de la République pendant la Crise économique mondiale de 2008 (2007-2012) Nicolas Sarkozy
92%
C Roi des Francs (768-814),Empereur d'Occident (800-814) Charlemagne
91%
V Ministre de la Santé (1974-1979) à l'origine de la légalisation de l'IVG / Présidente du Parlement européen (1979-1982) Simone Veil
86%
H Roi de France (1589-1610) Henri IV
80%
N A la fois le premier Président de la République (1848-1852) et dernier monarque français (1852-1870) Napoléon III
75%
J Fondateur du journal L'Humanité / Figure du socialisme français Jean Jaurès
74%
F Ministre de l'Instruction publique (1879-1883) Jules Ferry
69%
R Membre du Comité de salut public sous la Révolution / Président de la Convention nationale (1794) Maximilien de Robespierre
69%
T Premier président de la IIIe République (1871-1873) Adolphe Thiers
59%
A Chef de guerre française pendant la Guerre de Cent Ans / Sainte catholique Jeanne d'Arc
59%
K Cofondateur de Médecins sans frontières / Ministre des Affaires étrangères (2007-2010) Bernard Kouchner
48%
Z Ministre du Front populaire tué par la Milice en 1944. A lancé le festival de Cannes Jean Zay
19%
Q Président du Conseil sous la IVe République (1948 à 1951) Henri Queuille
8%
Aucun quiz correspondant
Distribution des résultats
% des personnes avec chaque résultat
Percentile par nombre de réponses
Votre historique - résultats
Vous n’avez pas pris ce quiz